Legend / (Record no. 2592)
[ view plain ]
| 000 -LEADER | |
|---|---|
| fixed length control field | 00758nam a22002297a 4500 |
| 005 - DATE AND TIME OF LATEST TRANSACTION | |
| control field | 20240926123508.0 |
| 020 ## - INTERNATIONAL STANDARD BOOK NUMBER | |
| International Standard Book Number | 9780545528344 |
| 040 ## - CATALOGING SOURCE | |
| Original cataloging agency | FISKH |
| Language of cataloging | eng |
| Transcribing agency | FISKH |
| Modifying agency | FISKH |
| 050 ## - LIBRARY OF CONGRESS CALL NUMBER | |
| Classification number | PZ7.L96768 |
| 082 ## - DEWEY DECIMAL CLASSIFICATION NUMBER | |
| Classification number | 813.6 |
| 100 ## - MAIN ENTRY--PERSONAL NAME | |
| Personal name | Lu, Marie |
| 245 ## - TITLE STATEMENT | |
| Title | Legend / |
| Statement of responsibility, etc. | Marie Lu |
| 250 ## - EDITION STATEMENT | |
| Edition statement | This edition first printing, January 2013 |
| 260 ## - PUBLICATION, DISTRIBUTION, ETC. | |
| Place of publication, distribution, etc. | New York : |
| Name of publisher, distributor, etc. | Scholastic, |
| Date of publication, distribution, etc. | 2011 |
| 300 ## - PHYSICAL DESCRIPTION | |
| Extent | 305 pages : |
| Dimensions | 20 cm |
| 505 ## - FORMATTED CONTENTS NOTE | |
| Formatted contents note | M |
| 520 ## - SUMMARY, ETC. | |
| Summary, etc. | In a dark future, when North America has split into two warring nations, fifteen-year-olds Day, a famous criminal, and prodigy June, the brilliant soldier hired to capture him, discover that they have a common enemy. |
| 521 ## - TARGET AUDIENCE NOTE | |
| Target audience note | 710 |
| Source | Lexile |
| 521 ## - TARGET AUDIENCE NOTE | |
| Target audience note | M |
| Source | Raz-Plus |
| 942 ## - ADDED ENTRY ELEMENTS (KOHA) | |
| Source of classification or shelving scheme | Dewey Decimal Classification |
| Koha item type | Books |
| Suppress in OPAC | No |
| 999 ## - | |
| -- | 2592 |
| -- | 2592 |
| Withdrawn status | Lost status | Source of classification or shelving scheme | Damaged status | Not for loan | Collection | Home library | Current library | Shelving location | Date acquired | Total Checkouts | Full call number | Barcode | Date last seen | Date last checked out | Copy number | Price effective from | Koha item type |
|---|---|---|---|---|---|---|---|---|---|---|---|---|---|---|---|---|---|
| Dewey Decimal Classification | Fiction | Footprints International School Library Network Toul Kork Campus | Footprints International School Library Network Toul Kork Campus | 01/03/2024 | 1 | LU 813.6 PZ7.L96768 | FISSE00436 | 02/28/2024 | 02/02/2024 | 1 | 01/03/2024 | Books | |||||
| Dewey Decimal Classification | Fiction | Footprints International School Library Network Toul Kork Campus | Footprints International School Library Network Toul Kork Campus | 05/06/2024 | LU 813.6 PZ7.L96768 | 2024-0567 | 05/06/2024 | 2 | 05/06/2024 | Books | |||||||
| Dewey Decimal Classification | Fiction | Footprints International School Library Network Toul Kork Campus | Footprints International School Library Network Toul Kork Campus | 05/06/2024 | 1 | LU 813.6 PZ7.L96768 | 2024-0568 | 06/05/2025 | 04/04/2025 | 3 | 05/06/2024 | Books | |||||
| Dewey Decimal Classification | Fiction | Footprints International School Library Network Toul Kork Campus | Footprints International School Library Network Toul Kork Campus | TTP Primary Orange Bookshelves | 09/26/2024 | LU 813.6 PZ7.L96768 | 2024-2089 | 09/26/2024 | 4 | 09/26/2024 | Books | ||||||
| Dewey Decimal Classification | Fiction | Footprints International School Library Network Toul Kork Campus | Footprints International School Library Network Toul Kork Campus | TTP Primary Orange Bookshelves | 09/26/2024 | LU 813.6 PZ7.L96768 | FIS02093 | 09/26/2024 | 5 | 09/26/2024 | Books |
